Pemilikan harta tanah kediaman : satu kajian penilaian ke atas peraturan kuota lot bumiputera di daerah Johor Bahru /
Saved in:
| Main Author: | |
|---|---|
| Format: | Thesis Book |
| Language: | Malay |
| Published: |
2006.
|
| Subjects: | |
| Tags: |
Add Tag
No Tags, Be the first to tag this record!
|
| LEADER | 01049cam a2200253 a 4500 | ||
|---|---|---|---|
| 001 | u744963 | ||
| 003 | SIRSI | ||
| 005 | 200708281450 | ||
| 008 | 070828s2006 my a t 000 0 may m | ||
| 040 | |a UMM | ||
| 043 | |a a-my-jo | ||
| 090 | |a GN6 |b UMP 2006 Ahmab | ||
| 100 | 0 | |a Ahmad Ariffian Bujang. | |
| 245 | 1 | 0 | |a Pemilikan harta tanah kediaman : |b satu kajian penilaian ke atas peraturan kuota lot bumiputera di daerah Johor Bahru / |c Ahmad Ariffian bin Bujang. |
| 260 | |c 2006. | ||
| 300 | |a xxvi, 345 leaves : |b ill. ; |c 30 cm. | ||
| 502 | |a Thesis (Ph.D.) -- Jabatan Antropologi dan Sosiologi, Fakulti Sastera dan Sains Sosial, Universiti Malaya, 2007. | ||
| 504 | |a Bibliography: leaves [311]-328. | ||
| 650 | 0 | |a Land tenure |z Johor |z Johor Bharu. | |
| 650 | 0 | |a Malays (Asian people) |z Johor |z Johor Bharu |x Economic conditions. | |
| 710 | 2 | |a Universiti Malaya. |b Jabatan Antropologi dan Sosiologi. | |
| 900 | |a SK | ||
| 596 | |a 1 | ||
| 999 | |a GN6 UMP 2006 AHMAB |w LC |c 1 |i A512837442 |d 24/3/2014 |e 24/3/2014 |f 13/9/2007 |g 1 |l STACKS |m P01UTAMA |n 1 |r Y |s Y |t TESIS |u 13/9/2007 | ||
